Dedicated to the cause (Record no. 79327)

MARC details
000 -LEADER
fixed length control field 01370cab a22002415a 4500
001 - CONTROL NUMBER
control field L140736
008 - FIXED-LENGTH DATA ELEMENTS--GENERAL INFORMATION
fixed length control field 071009e20071006xxka f 000 0 eng d
035 ## - SYSTEM CONTROL NUMBER
System control number (Sirsi) u140736
041 0# - LANGUAGE CODE
Language code of text/sound track or separate title eng
100 1# - MAIN ENTRY--PERSONAL NAME
Personal name Desai, Tina
245 00 - TITLE STATEMENT
Title Dedicated to the cause
260 ## - PUBLICATION, DISTRIBUTION, ETC.
Date of publication, distribution, etc. 2007
490 ## - SERIES STATEMENT
Series statement Estates Gazette
Volume/sequential designation (0740) 6 October 2007, 260-262(3)
520 ## - SUMMARY, ETC.
Summary, etc. Interview with Siobhan McGrath, the senior president of the Residential Property Tribunal Service (RPTS). Includes an overview of the work and organisation of the RPTS. Covers the tribunal service regions, the constitution of panels and the enforceability of decisions. Describes recent changes to the RPTS workload, including the introduction of 53 new jurisdictions. Explains the anticipated effect on the RPTS of changes in service charges and other proposals. Also discusses the possible effect of proposed changes contained in a Law Commission consultation paper (L138746).
590 ## - LOCAL NOTE (RLIN)
Local note KA
650 24 - SUBJECT ADDED ENTRY--TOPICAL TERM
Topical term or geographic name entry element HOUSING ACT 2004
650 24 - SUBJECT ADDED ENTRY--TOPICAL TERM
Topical term or geographic name entry element EARL CADOGAN AND ANOTHER V SPORTELLI AND ANOTHER
650 24 - SUBJECT ADDED ENTRY--TOPICAL TERM
Topical term or geographic name entry element TRIBUNALS, COURTS AND ENFORCEMENT ACT 2007
650 24 - SUBJECT ADDED ENTRY--TOPICAL TERM
Topical term or geographic name entry element LEASEHOLD AND REFORM ACT 2002 S168
651 #4 - SUBJECT ADDED ENTRY--GEOGRAPHIC NAME
Geographic name England and Wales
Chronological subdivision 1543-
690 ## - LOCAL SUBJECT ADDED ENTRY--TOPICAL TERM (OCLC, RLIN)
Topical term or geographic name as entry element MANAGEMENT-DISPUTE AVOIDANCE, MANAGEMENT AND RESOLUTION-DISPUTE MANAGEMENT AND RESOLUTION-TRIBUNALS-RESIDENTIAL PROPERTY TRIBUNAL SERVICE
942 ## - ADDED ENTRY ELEMENTS (KOHA)
Suppress in OPAC 0
Holdings
Withdrawn status Lost status Source of classification or shelving scheme Damaged status Not for loan Home library Current library Shelving location Date acquired Total Checkouts Full call number Barcode Date last seen Copy number Price effective from Koha item type
    Dewey Decimal Classification     London London Journal article 09/10/2007   L140736 140736-1001 06/08/2019 1 06/08/2019 Journal article